call of duty zombies five - Statistics

General Stats
  • This quiz has been taken 46 times
  • The average score is 7 of 10
Answer Stats
Hint Answer % Correct
what building are you in pentagon
95%
what year does five take place 1963
92%
what month does five take place november
79%
character fidel castro
76%
character john f kennedy
76%
boss pentagon thief
76%
character richard nixon
74%
character robert mcnamara
58%
new power up bonfire sale
47%
new power up death macine
3%
No matching quizzes found
Score Distribution
Percent of People with Each Score
Percentile by Number Answered
Your Score History
You have not taken this quiz